Essential surgical practice : (Record no. 62062)

MARC details
000 -LEADER
fixed length control field 01134cam a2200301 i 4500
001 - CONTROL NUMBER
control field vtls003271957
003 - CONTROL NUMBER IDENTIFIER
control field MY-SjTCS
005 - DATE AND TIME OF LATEST TRANSACTION
control field 20200306170402.0
008 - FIXED-LENGTH DATA ELEMENTS--GENERAL INFORMATION
fixed length control field 170213t20152015flua b 001 0 eng d
020 ## - INTERNATIONAL STANDARD BOOK NUMBER
International Standard Book Number 9781444137606 (paperback)
039 #9 - LEVEL OF BIBLIOGRAPHIC CONTROL AND CODING DETAIL [OBSOLETE]
Level of rules in bibliographic description 201802151053
Level of effort used to assign nonsubject heading access points shuhada
Level of effort used to assign subject headings 201802071503
Level of effort used to assign classification malathy
Level of effort used to assign subject headings 201702131525
Level of effort used to assign classification shuhada
Level of effort used to assign subject headings 201702131524
Level of effort used to assign classification shuhada
-- 201610201100
-- malathy
040 ## - CATALOGING SOURCE
Description conventions rda
082 04 - DEWEY DECIMAL CLASSIFICATION NUMBER
Classification number 617
Item number ESS 2015
245 00 - TITLE STATEMENT
Title Essential surgical practice :
Remainder of title higher surgical training in general surgery /
Statement of responsibility, etc. edited by Professor Sir Alfred Cuschier, Professor George B. Hanna.
250 ## - EDITION STATEMENT
Edition statement Fifth edition.
264 #1 - PRODUCTION, PUBLICATION, DISTRIBUTION, MANUFACTURE, AND COPYRIGHT NOTICE
Place of production, publication, distribution, manufacture Boca Raton :
Name of producer, publisher, distributor, manufacturer CRC Press/Taylor & Francis Group,
Date of production, publication, distribution, manufacture, or copyright notice [2015]
264 #4 - PRODUCTION, PUBLICATION, DISTRIBUTION, MANUFACTURE, AND COPYRIGHT NOTICE
Date of production, publication, distribution, manufacture, or copyright notice ©2015
300 ## - PHYSICAL DESCRIPTION
Extent xii, 1064 pages :
Other physical details illustrations (some colour) ;
Dimensions 29 cm
336 ## - CONTENT TYPE
Content type term text
Source rdacontent
337 ## - MEDIA TYPE
Media type term unmediated
Source rdamedia
338 ## - CARRIER TYPE
Carrier type term volume
Source rdacarrier
504 ## - BIBLIOGRAPHY, ETC. NOTE
Bibliography, etc. note Includes bibliographical references and index.
650 #0 - SUBJECT ADDED ENTRY--TOPICAL TERM
Topical term or geographic name entry element Surgery.
9 (RLIN) 209767
650 #0 - SUBJECT ADDED ENTRY--TOPICAL TERM
Topical term or geographic name entry element Surgery, Operative.
9 (RLIN) 43324
700 1# - ADDED ENTRY--PERSONAL NAME
Personal name Cuschieri, A.
Fuller form of name (Alfred)
9 (RLIN) 57363
700 1# - ADDED ENTRY--PERSONAL NAME
Personal name Hanna, George B.
9 (RLIN) 76459
920 ## - Programme
Programme SOM : 226578, 229925
Holdings
Withdrawn status Lost status Source of classification or shelving scheme Damaged status Not for loan Home library Current library Date acquired Total Checkouts Barcode Date last seen Date last checked out Koha item type Public note Copy number
    Dewey Decimal Classification     Clinical School Clinical School 06/12/2016 1 5000167509 20/10/2023 13/10/2023 SOM Reserve SOMxx,33001,03,RM  
    Dewey Decimal Classification     Clinical School Clinical School 06/11/2017   5000171800 05/12/2019   SOM Reserve SOMxx,33001,03,RM 1